00344 a2200121 450000100060000008200180000610000570002424500630008125000060014426000390015030000140018950000190020392111 a338.95106 LIU aSifeng Liu, Zhigeng Fang and Hongxing Shi Benhai Guo aTheory of Science and Technology Transfer and Applications a1 aUKbTaylor and Francis Groupc2014 a296p.bHb aReference Book